[Event "Grand Swiss "]
[Date "2025.09.04"]
[White "Harikrishna, Pentala"]
[Black "Demchenko, Anton"]
[WhiteElo "2704"]
[BlackElo "2620"]
[Round "1.1.18"]
[Result "0-1"]

1. d4 {[%clk 01:40:53] [%emt 00:00:06]} d5 {[%clk 01:40:44] [%emt 00:00:17]} 2.
c4 {[%clk 01:41:05] [%emt 00:00:18]} dxc4 {[%clk 01:41:00] [%emt 00:00:15]} 3.
Nf3 {[%clk 01:41:10] [%emt 00:00:24]} Nf6 {[%clk 01:41:15] [%emt 00:00:16]} 4.
e3 {[%clk 01:40:58] [%emt 00:00:42]} e6 {[%clk 01:41:18] [%emt 00:00:27]} 5.
Bxc4 {[%clk 01:41:17] [%emt 00:00:11]} c5 {[%clk 01:41:22] [%emt 00:00:26]} 6.
O-O {[%clk 01:41:24] [%emt 00:00:22]} Nc6 {[%clk 01:41:43] [%emt 00:00:10]} 7.
Nc3 {[%clk 01:37:45] [%emt 00:04:09]} a6 {[%clk 01:39:38] [%emt 00:02:35]} 8.
Ne5 {[%clk 01:35:09] [%emt 00:03:06]} Nxe5 {[%clk 01:28:59] [%emt 00:11:09]} 9.
dxe5 {[%clk 01:35:32] [%emt 00:00:08]} Qxd1 {[%clk 01:29:17] [%emt 00:00:12]}
10. Rxd1 {[%clk 01:35:54] [%emt 00:00:07]} Nd7 {[%clk 01:29:43] [%emt 00:00:05]}
11. f4 {[%clk 01:32:16] [%emt 00:04:07]} b5 {[%clk 01:25:08] [%emt 00:05:05]}
12. Be2 {[%clk 01:27:04] [%emt 00:05:42]} Bb7 {[%clk 01:22:55] [%emt 00:02:44]}
13. b3 {[%clk 01:25:33] [%emt 00:02:00]} Be7 {[%clk 01:05:37] [%emt 00:17:48]}
14. Bb2 {[%clk 01:21:40] [%emt 00:04:23]} O-O-O {[%clk 01:00:47] [%emt
00:05:21]} 15. a4 {[%clk 01:12:47] [%emt 00:09:23]} b4 {[%clk 01:00:54] [%emt
00:00:23]} 16. Nb1 {[%clk 01:13:08] [%emt 00:00:07]} a5 {[%clk 00:55:09] [%emt
00:06:16]} 17. Nd2 {[%clk 01:09:27] [%emt 00:04:10]} Nb6 {[%clk 00:55:33] [%emt
00:00:07]} 18. Kf2 {[%clk 01:03:27] [%emt 00:06:29]} Kc7 {[%clk 00:50:41] [%emt
00:05:23]} 19. Rac1 {[%clk 01:01:22] [%emt 00:02:35]} Bc6 {[%clk 00:50:23] [%emt
00:00:47]} 20. Rc2 {[%clk 00:50:14] [%emt 00:11:39]} Nxa4 {[%clk 00:38:21] [%emt
00:12:33]} 21. Ra1 {[%clk 00:49:23] [%emt 00:01:20]} Nxb2 {[%clk 00:32:00] [%emt
00:06:51]} 22. Rxb2 {[%clk 00:49:47] [%emt 00:00:05]} a4 {[%clk 00:26:00] [%emt
00:06:31]} 23. bxa4 {[%clk 00:49:53] [%emt 00:00:25]} f6 {[%clk 00:25:41] [%emt
00:00:48]} 24. Nb3 {[%clk 00:42:02] [%emt 00:08:21]} fxe5 {[%clk 00:19:07] [%emt
00:07:05]} 25. Rc1 {[%clk 00:42:01] [%emt 00:00:30]} exf4 {[%clk 00:18:28] [%emt
00:01:09]} 26. Nxc5 {[%clk 00:42:20] [%emt 00:00:12]} fxe3+ {[%clk 00:16:05]
[%emt 00:02:53]} 27. Ke1 {[%clk 00:42:36] [%emt 00:00:13]} Bxc5 {[%clk 00:12:35]
[%emt 00:04:01]} 28. Rxc5 {[%clk 00:42:58] [%emt 00:00:07]} Kd6 {[%clk 00:13:03]
[%emt 00:00:03]} 29. Rc4 {[%clk 00:42:30] [%emt 00:00:58]} Bxg2 {[%clk 00:12:47]
[%emt 00:00:46]} 30. Rbxb4 {[%clk 00:32:56] [%emt 00:10:04]} Rb8 {[%clk
00:11:21] [%emt 00:01:56]} 31. a5 {[%clk 00:28:17] [%emt 00:05:09]} Bd5 {[%clk
00:10:44] [%emt 00:01:06]} 32. Rxb8 {[%clk 00:28:40] [%emt 00:00:07]} Rxb8
{[%clk 00:11:10] [%emt 00:00:04]} 33. Rc1 {[%clk 00:29:05] [%emt 00:00:04]} Rb2
{[%clk 00:08:45] [%emt 00:02:55]} 34. Ra1 {[%clk 00:28:03] [%emt 00:01:32]} Kc7
{[%clk 00:08:51] [%emt 00:00:25]} 35. a6 {[%clk 00:26:55] [%emt 00:01:38]} Kb8
{[%clk 00:08:55] [%emt 00:00:27]} 36. h3 {[%clk 00:24:28] [%emt 00:02:56]} g5
{[%clk 00:08:05] [%emt 00:01:19]} 37. Bg4 {[%clk 00:20:22] [%emt 00:04:36]} Rh2
{[%clk 00:05:00] [%emt 00:03:35]} 38. Ra3 {[%clk 00:17:14] [%emt 00:03:39]} h5
{[%clk 00:05:12] [%emt 00:00:19]} 39. Bxh5 {[%clk 00:16:41] [%emt 00:01:02]}
Rxh3 {[%clk 00:05:36] [%emt 00:00:06]} 40. a7+ {[%clk 00:16:21] [%emt 00:00:50]}
Ka8 {[%clk 00:05:56] [%emt 00:00:10]} 41. Bg6 {[%clk 00:15:42] [%emt 00:01:08]}
g4 {[%clk 00:04:39] [%emt 00:01:48]} 42. Ra4 {[%clk 00:16:04] [%emt 00:00:09]}
g3 {[%clk 00:04:05] [%emt 00:01:04]} 0-1

[Site "Europe Echecs"]

[Event "Grand Swiss "]
[Date "2025.09.04"]
[White "Santos Latasa, Jaime"]
[Black "Liang, Awonder"]
[WhiteElo "2620"]
[BlackElo "2698"]
[Round "1.1.19"]
[Result "1/2-1/2"]

1. d4 {[%clk 01:40:57] [%emt 00:00:02]} Nf6 {[%clk 01:40:45] [%emt 00:00:15]} 2.
c4 {[%clk 01:41:22] [%emt 00:00:05]} e6 {[%clk 01:41:10] [%emt 00:00:06]} 3. Nc3
{[%clk 01:41:37] [%emt 00:00:15]} Bb4 {[%clk 01:41:33] [%emt 00:00:07]} 4. Qc2
{[%clk 01:41:46] [%emt 00:00:21]} d5 {[%clk 01:41:51] [%emt 00:00:12]} 5. a3
{[%clk 01:41:42] [%emt 00:00:34]} Bxc3+ {[%clk 01:42:12] [%emt 00:00:09]} 6.
Qxc3 {[%clk 01:42:06] [%emt 00:00:06]} O-O {[%clk 01:42:03] [%emt 00:00:39]} 7.
Bg5 {[%clk 01:41:48] [%emt 00:00:48]} h6 {[%clk 01:36:27] [%emt 00:06:06]} 8.
Bxf6 {[%clk 01:41:37] [%emt 00:00:41]} Qxf6 {[%clk 01:36:55] [%emt 00:00:02]} 9.
Nf3 {[%clk 01:42:00] [%emt 00:00:08]} c6 {[%clk 01:30:57] [%emt 00:06:27]} 10.
h4 {[%clk 01:38:23] [%emt 00:04:07]} Nd7 {[%clk 01:19:28] [%emt 00:11:59]} 11.
g4 {[%clk 01:37:02] [%emt 00:01:51]} Qf4 {[%clk 01:13:58] [%emt 00:06:00]} 12.
g5 {[%clk 01:34:21] [%emt 00:03:12]} h5 {[%clk 01:12:38] [%emt 00:01:49]} 13.
Rh3 {[%clk 01:33:05] [%emt 00:01:46]} g6 {[%clk 00:54:41] [%emt 00:18:26]} 14.
Rg3 {[%clk 01:28:53] [%emt 00:04:43]} Qd6 {[%clk 00:53:01] [%emt 00:02:11]} 15.
Rd1 {[%clk 01:23:34] [%emt 00:05:49]} b6 {[%clk 00:51:51] [%emt 00:01:40]} 16.
cxd5 {[%clk 01:11:17] [%emt 00:12:48]} cxd5 {[%clk 00:51:24] [%emt 00:00:55]}
17. Rc1 {[%clk 01:08:05] [%emt 00:03:43]} Ba6 {[%clk 00:39:27] [%emt 00:12:27]}
18. Qc7 {[%clk 01:03:44] [%emt 00:04:50]} Qe7 {[%clk 00:34:34] [%emt 00:05:24]}
19. Ne5 {[%clk 01:01:01] [%emt 00:03:13]} Rfc8 {[%clk 00:34:44] [%emt 00:00:20]}
20. Nc6 {[%clk 01:01:09] [%emt 00:00:22]} Qe8 {[%clk 00:35:03] [%emt 00:00:11]}
21. Qd6 {[%clk 01:01:27] [%emt 00:00:13]} Kh7 {[%clk 00:35:15] [%emt 00:00:18]}
22. Rgc3 {[%clk 00:57:12] [%emt 00:04:44]} Nc5 {[%clk 00:32:52] [%emt 00:02:53]}
23. dxc5 {[%clk 00:53:59] [%emt 00:03:44]} Rxc6 {[%clk 00:32:48] [%emt
00:00:34]} 24. Qe5 {[%clk 00:54:24] [%emt 00:00:05]} Rac8 {[%clk 00:29:26] [%emt
00:03:51]} 25. cxb6 {[%clk 00:53:25] [%emt 00:01:29]} axb6 {[%clk 00:29:42]
[%emt 00:00:14]} 26. e3 {[%clk 00:49:59] [%emt 00:03:56]} Bxf1 {[%clk 00:21:27]
[%emt 00:08:45]} 27. Rxc6 {[%clk 00:50:19] [%emt 00:00:11]} Rxc6 {[%clk
00:21:51] [%emt 00:00:06]} 28. Rxc6 {[%clk 00:50:45] [%emt 00:00:04]} Qxc6
{[%clk 00:22:14] [%emt 00:00:07]} 29. Kxf1 {[%clk 00:51:10] [%emt 00:00:05]}
Qc4+ {[%clk 00:22:41] [%emt 00:00:04]} 30. Ke1 {[%clk 00:51:32] [%emt 00:00:08]}
Qc1+ {[%clk 00:21:27] [%emt 00:01:44]} 31. Ke2 {[%clk 00:51:50] [%emt 00:00:13]}
Qc4+ {[%clk 00:21:51] [%emt 00:00:06]} 32. Ke1 {[%clk 00:52:15] [%emt 00:00:04]}
Qc1+ {[%clk 00:22:16] [%emt 00:00:05]} 33. Ke2 {[%clk 00:52:41] [%emt 00:00:05]}
Qc4+ {[%clk 00:22:43] [%emt 00:00:03]} 34. Ke1 {[%clk 00:53:06] [%emt 00:00:05]}
1/2-1/2

[Site "Europe Echecs"]

[Event "Grand Swiss "]
[Date "2025.09.04"]
[White "Nihal Sarin"]
[Black "Svane, Rasmus"]
[WhiteElo "2693"]
[BlackElo "2620"]
[Round "1.1.20"]
[Result "1/2-1/2"]

1. e4 {[%clk 01:33:15] [%emt 00:07:43]} e5 {[%clk 01:40:41] [%emt 00:00:20]} 2.
Nf3 {[%clk 01:33:36] [%emt 00:00:09]} Nc6 {[%clk 01:41:08] [%emt 00:00:03]} 3.
Bb5 {[%clk 01:34:01] [%emt 00:00:06]} Nf6 {[%clk 01:40:18] [%emt 00:01:19]} 4.
d4 {[%clk 01:34:17] [%emt 00:00:14]} exd4 {[%clk 01:29:40] [%emt 00:11:09]} 5.
O-O {[%clk 01:33:42] [%emt 00:01:04]} a6 {[%clk 01:27:50] [%emt 00:02:20]} 6.
Ba4 {[%clk 01:33:55] [%emt 00:00:16]} Be7 {[%clk 01:27:21] [%emt 00:01:00]} 7.
e5 {[%clk 01:34:07] [%emt 00:00:19]} Ne4 {[%clk 01:26:13] [%emt 00:01:39]} 8. c3
{[%clk 01:34:22] [%emt 00:00:14]} dxc3 {[%clk 01:18:29] [%emt 00:08:14]} 9. Re1
{[%clk 01:34:36] [%emt 00:00:15]} Nc5 {[%clk 01:10:10] [%emt 00:08:50]} 10. Nxc3
{[%clk 01:34:08] [%emt 00:00:58]} Nxa4 {[%clk 01:04:16] [%emt 00:06:24]} 11.
Qxa4 {[%clk 01:32:41] [%emt 00:01:57]} O-O {[%clk 01:03:46] [%emt 00:01:00]} 12.
Qe4 {[%clk 01:28:41] [%emt 00:04:30]} d6 {[%clk 00:59:05] [%emt 00:05:11]} 13.
exd6 {[%clk 01:28:24] [%emt 00:00:47]} Qxd6 {[%clk 00:54:25] [%emt 00:05:10]}
14. Nd5 {[%clk 01:27:12] [%emt 00:01:42]} Bd8 {[%clk 00:48:42] [%emt 00:06:13]}
15. Bf4 {[%clk 01:24:23] [%emt 00:03:18]} Qg6 {[%clk 00:47:00] [%emt 00:02:13]}
16. Qxg6 {[%clk 01:24:13] [%emt 00:00:40]} hxg6 {[%clk 00:46:09] [%emt
00:01:21]} 17. Nxc7 {[%clk 01:24:32] [%emt 00:00:12]} Bxc7 {[%clk 00:46:15]
[%emt 00:00:24]} 18. Bxc7 {[%clk 01:24:56] [%emt 00:00:06]} Bg4 {[%clk 00:27:50]
[%emt 00:18:54]} 19. Ne5 {[%clk 01:23:49] [%emt 00:01:37]} Nxe5 {[%clk 00:27:54]
[%emt 00:00:26]} 20. Bxe5 {[%clk 01:24:14] [%emt 00:00:05]} Rfe8 {[%clk
00:27:46] [%emt 00:00:39]} 21. h4 {[%clk 01:24:25] [%emt 00:00:19]} f6 {[%clk
00:25:15] [%emt 00:03:01]} 22. Bc3 {[%clk 01:24:49] [%emt 00:00:05]} Kf7 {[%clk
00:25:37] [%emt 00:00:08]} 23. f3 {[%clk 01:25:13] [%emt 00:00:06]} Bd7 {[%clk
00:23:01] [%emt 00:03:06]} 24. Kf2 {[%clk 01:25:23] [%emt 00:00:21]} Bc6 {[%clk
00:23:14] [%emt 00:00:17]} 25. Rxe8 {[%clk 01:25:17] [%emt 00:00:35]} Rxe8
{[%clk 00:23:40] [%emt 00:00:04]} 26. Rd1 {[%clk 01:25:42] [%emt 00:00:06]} Rh8
{[%clk 00:21:52] [%emt 00:02:18]} 27. Rd4 {[%clk 01:26:06] [%emt 00:00:06]} Rh5
{[%clk 00:21:37] [%emt 00:00:45]} 28. Bd2 {[%clk 01:26:25] [%emt 00:00:11]} Rd5
{[%clk 00:15:54] [%emt 00:06:13]} 29. Rxd5 {[%clk 01:26:24] [%emt 00:00:32]}
Bxd5 {[%clk 00:16:20] [%emt 00:00:04]} 30. a3 {[%clk 01:26:49] [%emt 00:00:05]}
Bc4 {[%clk 00:16:27] [%emt 00:00:23]} 31. Bc3 {[%emt 00:00:06]} 1/2-1/2

[Site "Europe Echecs"]

[Event "Grand Swiss "]
[Date "2025.09.04"]
[White "Aryan Chopra"]
[Black "Maghsoodloo, Parham"]
[WhiteElo "2619"]
[BlackElo "2692"]
[Round "1.1.21"]
[Result "0-1"]

1. e4 {[%clk 01:40:56] [%emt 00:00:03]} c5 {[%clk 01:40:52] [%emt 00:00:08]} 2.
Nf3 {[%clk 01:41:21] [%emt 00:00:06]} d6 {[%clk 01:41:16] [%emt 00:00:06]} 3. d4
{[%clk 01:41:46] [%emt 00:00:05]} cxd4 {[%clk 01:41:39] [%emt 00:00:07]} 4. Nxd4
{[%clk 01:42:12] [%emt 00:00:04]} Nf6 {[%clk 01:42:04] [%emt 00:00:05]} 5. Nc3
{[%clk 01:42:37] [%emt 00:00:05]} a6 {[%clk 01:42:29] [%emt 00:00:05]} 6. Bc4
{[%clk 01:42:46] [%emt 00:00:21]} e6 {[%clk 01:40:36] [%emt 00:02:23]} 7. Be3
{[%clk 01:43:11] [%emt 00:00:05]} Qc7 {[%clk 01:34:03] [%emt 00:07:03]} 8. Bb3
{[%clk 01:37:22] [%emt 00:06:20]} Nbd7 {[%clk 01:31:04] [%emt 00:03:29]} 9. g4
{[%clk 01:32:33] [%emt 00:05:19]} Nc5 {[%clk 01:30:12] [%emt 00:01:22]} 10. f3
{[%clk 01:32:11] [%emt 00:00:52]} b5 {[%clk 01:28:14] [%emt 00:02:28]} 11. g5
{[%clk 01:23:39] [%emt 00:09:03]} Nfd7 {[%clk 01:21:23] [%emt 00:07:20]} 12. a3
{[%clk 01:14:10] [%emt 00:10:00]} Nb6 {[%clk 01:20:27] [%emt 00:01:25]} 13. Qd2
{[%clk 01:11:28] [%emt 00:03:12]} Rb8 {[%clk 01:08:19] [%emt 00:12:38]} 14. Ba2
{[%clk 00:57:29] [%emt 00:14:29]} Nca4 {[%clk 00:55:14] [%emt 00:13:35]} 15.
Nxa4 {[%clk 00:56:53] [%emt 00:01:07]} Nxa4 {[%clk 00:54:10] [%emt 00:01:33]}
16. O-O-O {[%clk 00:53:48] [%emt 00:03:35]} a5 {[%clk 00:50:16] [%emt 00:04:25]}
17. Nb3 {[%clk 00:43:27] [%emt 00:10:51]} b4 {[%clk 00:49:52] [%emt 00:00:54]}
18. axb4 {[%clk 00:43:51] [%emt 00:00:05]} axb4 {[%clk 00:46:47] [%emt
00:03:35]} 19. Qd4 {[%clk 00:34:58] [%emt 00:09:23]} e5 {[%clk 00:23:52] [%emt
00:23:25]} 20. Qa7 {[%clk 00:32:24] [%emt 00:03:04]} Qxa7 {[%clk 00:24:16] [%emt
00:00:06]} 21. Bxa7 {[%clk 00:32:49] [%emt 00:00:05]} Ra8 {[%clk 00:24:40] [%emt
00:00:06]} 22. Be3 {[%clk 00:33:11] [%emt 00:00:08]} Nb6 {[%clk 00:23:39] [%emt
00:01:31]} 23. Bxb6 {[%clk 00:30:31] [%emt 00:03:10]} Rxa2 {[%clk 00:23:54]
[%emt 00:00:15]} 24. Kb1 {[%clk 00:29:36] [%emt 00:01:25]} Ra6 {[%clk 00:23:12]
[%emt 00:01:11]} 25. Ba5 {[%clk 00:29:13] [%emt 00:00:54]} Bh3 {[%clk 00:19:11]
[%emt 00:04:30]} 26. Rhg1 {[%clk 00:25:42] [%emt 00:04:02]} g6 {[%clk 00:16:24]
[%emt 00:03:17]} 27. Bxb4 {[%clk 00:20:21] [%emt 00:05:51]} h6 {[%clk 00:16:36]
[%emt 00:00:17]} 28. Na5 {[%clk 00:16:13] [%emt 00:04:38]} Rb6 {[%clk 00:10:53]
[%emt 00:06:13]} 29. Ba3 {[%clk 00:15:45] [%emt 00:00:58]} Be6 {[%clk 00:11:09]
[%emt 00:00:14]} 30. h4 {[%clk 00:15:51] [%emt 00:00:24]} hxg5 {[%clk 00:11:33]
[%emt 00:00:07]} 31. hxg5 {[%clk 00:16:17] [%emt 00:00:04]} Be7 {[%clk 00:11:32]
[%emt 00:00:30]} 32. Rd3 {[%clk 00:13:52] [%emt 00:02:56]} Kd7 {[%clk 00:09:16]
[%emt 00:02:46]} 33. Nb3 {[%clk 00:10:05] [%emt 00:04:18]} Bxb3 {[%clk 00:08:08]
[%emt 00:01:39]} 34. cxb3 {[%clk 00:10:28] [%emt 00:00:06]} Ke6 {[%clk 00:05:58]
[%emt 00:02:39]} 35. b4 {[%clk 00:09:36] [%emt 00:01:23]} Rh5 {[%clk 00:06:01]
[%emt 00:00:26]} 36. Kc2 {[%clk 00:03:49] [%emt 00:06:18]} Bxg5 {[%clk 00:05:38]
[%emt 00:00:54]} 37. b5 {[%clk 00:02:27] [%emt 00:01:52]} Be7 {[%clk 00:04:35]
[%emt 00:01:31]} 38. Rb3 {[%clk 00:02:34] [%emt 00:00:24]} Rh3 {[%clk 00:03:52]
[%emt 00:01:13]} 39. Kd2 {[%clk 00:02:20] [%emt 00:00:45]} g5 {[%clk 00:02:02]
[%emt 00:02:20]} 40. Ke2 {[%clk 00:01:56] [%emt 00:00:54]} f6 {[%clk 00:00:38]
[%emt 00:01:54]} 41. Kd2 {[%clk 00:42:18] [%emt 00:10:08]} Rh8 {[%clk 00:39:22]
[%emt 00:11:46]} 42. Kd3 {[%clk 00:42:13] [%emt 00:00:36]} f5 {[%clk 00:38:15]
[%emt 00:01:37]} 43. exf5+ {[%clk 00:40:37] [%emt 00:02:05]} Kxf5 {[%clk
00:38:43] [%emt 00:00:02]} 44. Rd1 {[%clk 00:28:42] [%emt 00:12:25]} Ke6 {[%clk
00:37:19] [%emt 00:01:53]} 45. Rd2 {[%clk 00:14:26] [%emt 00:14:48]} Rhb8 {[%clk
00:32:42] [%emt 00:05:05]} 46. Kc4 {[%clk 00:14:51] [%emt 00:00:06]} Rf8 {[%clk
00:32:32] [%emt 00:00:40]} 47. Rbd3 {[%clk 00:09:52] [%emt 00:05:30]} Rc8+
{[%clk 00:28:57] [%emt 00:04:04]} 48. Kb3 {[%clk 00:10:16] [%emt 00:00:06]}
Rxb5+ {[%clk 00:29:19] [%emt 00:00:08]} 49. Ka2 {[%clk 00:10:43] [%emt
00:00:03]} Ra8 {[%clk 00:27:50] [%emt 00:01:57]} 50. Kb1 {[%clk 00:10:45] [%emt
00:00:30]} Rd8 {[%clk 00:27:50] [%emt 00:00:29]} 51. Rh2 {[%clk 00:11:08] [%emt
00:00:07]} Bf6 {[%clk 00:26:52] [%emt 00:01:28]} 52. Rh6 {[%clk 00:11:00] [%emt
00:00:39]} d5 {[%clk 00:22:37] [%emt 00:04:44]} 53. Rc3 {[%clk 00:10:47] [%emt
00:00:43]} Rb6 {[%clk 00:23:03] [%emt 00:00:05]} 54. Rc7 {[%clk 00:04:40] [%emt
00:06:37]} Rh8 {[%clk 00:23:19] [%emt 00:00:14]} 55. Rxh8 {[%clk 00:04:35] [%emt
00:00:36]} Bxh8 {[%clk 00:23:47] [%emt 00:00:02]} 56. Kc2 {[%clk 00:03:06] [%emt
00:01:59]} e4 {[%clk 00:22:41] [%emt 00:01:36]} 57. fxe4 {[%clk 00:02:22] [%emt
00:01:14]} dxe4 {[%clk 00:23:09] [%emt 00:00:02]} 58. b4 {[%clk 00:01:26] [%emt
00:01:27]} g4 {[%clk 00:21:06] [%emt 00:02:33]} 59. Rc4 {[%clk 00:00:56] [%emt
00:01:00]} g3 {[%clk 00:17:44] [%emt 00:03:51]} 60. Rxe4+ {[%clk 00:01:10] [%emt
00:00:16]} Kf5 {[%clk 00:18:02] [%emt 00:00:12]} 61. Re2 {[%clk 00:08:59] [%emt
00:07:41]} Bd4 {[%clk 00:23:37] [%emt 00:09:55]} 62. Kd3 {[%clk 00:07:00] [%emt
00:02:29]} Re6 {[%clk 00:21:16] [%emt 00:02:49]} 63. Rc2 {[%clk 00:03:37] [%emt
00:03:55]} Bb6 {[%clk 00:21:02] [%emt 00:00:44]} 64. Ra2 {[%clk 00:03:05] [%emt
00:01:02]} Rg6 {[%clk 00:13:56] [%emt 00:07:35]} 65. Rg2 {[%clk 00:03:29] [%emt
00:00:07]} Ke5 {[%emt 00:01:02]}

[Site "Europe Echecs"]